LEADER 01629nam a2200349 a 4500 001 000000171377 003 CaOOAMICUS 005 20190124150552.0 008 190124s2018 it 000 u ita r 020 $a978-88-94900-132 032 $aLibriCat 040 $aPUL$bita 082 14$a150.19 100 1 $aInnocenti, Ennio.$0(OLS)http://pul/name/13236 245 13$aLa psicoanalisi di Freud e di Jung :$buna critica epistemologica /$cEnnio Innocenti. 260 $aRoma :$bLeonardo da Vinci,$c©2018. 300 $a224 p. ;$c24 cm. 490 1 $aGrande Enciclopedia epistemologica. Nuova serie. Area III: Scienze umane; Sezione II: Psicologia. Storia e critica della psicoanalisi. ;$v13 504 $aBibliografia a pič pagina e alle pag. 208-211. 600 14$aJung, C. G.$q(Carl Gustav),$d1875-1961.$0(OLS)http://pul/subject/24005 600 14$aFreud, Sigmund,$d1856-1939.$0(OLS)http://pul/subject/7812 650 4$aPsicanalisi.$0(OLS)http://pul/subject/1791 830 0$aGrande Enciclopedia epistemologica.$pNuova serie ;$v13.$0(OLS)http://pul/title/168261 850 $aPUL 852 $aPUL$W1$xSL Filosofia 3$y81$m121 COLL 1.13$j195069$qDDC 21$B199969$CPULBib$Z2$F199969 $H1321166 $82 941 1 $a9 960 $aPsicoanalisi$91791 996 $6020$a978-88-94900-132$9(OLS)http://pul/number/165639 996 $6082$a150.19$9(OLS)http://pul/classification/1885 996 $6245$aLa psicoanalisi di Freud e di Jung :$buna critica epistemologica$9(OLS)http://pul/title/212200 996 $6260$aRoma :$bLeonardo da Vinci$9(OLS)http://pul/publisher/51778 LEADER 01782cam a2200373 a 4500 001 000000152972 003 CaOOAMICUS 005 20160718141708.0 008 160718s2016 it 0000u ita r 020 $a9788813359515* 032 $aLibriCat 040 $aPUL$bita 082 04$a344.24 100 1 $aRoccella, Massimo$b1953-2010.$0(OLS)http://pul/name/78892 245 10$aDiritto del lavoro dell'Unione Europea /$cMassimo Roccella, Tiziano Treu ; con la collaborazione di Mariapaola Aimo e Daniela Izzi. 250 $aSettima edizione. 260 $aPadova :$bCEDAM,$c©2016$aMilanofiori Assago :$bWolters Kluwer 300 $aXVIII, 553 p. ;$c24 cm. 500 $aInclude indice. 504 $aBibliografia in nota a pič pagina. 650 4$aDiritto del lavoro$zEuropa.$0(OLS)http://pul/subject/17062 700 1 $aTreu, Tiziano$b1939-$0(OLS)http://pul/name/23939 700 1 $aAimo, Mariapaola,$d1969-$0(OLS)http://pul/name/51537 700 1 $aIzzi, Daniela,$d1969-$0(OLS)http://pul/name/83701 850 $aPUL 852 $aPUL$W1$xDP2 Diritto e Scienze Sociali 3$y110$m344. 24 ROCMA 2B$j180480$b2a copia$qDDC 21$B183600$CPULBib$Z2$F183600 $H128481 $82 852 $aPUL$W1$xSL Diritto e Scienze Sociali 3$y79$m344. 24 ROCMA 2$j176177$qDDC 21$B178498$CPULBib$Z2$F178498 $H127963 $81 941 1 $a9 996 $6020$a9788813359515*$9(OLS)http://pul/number/160648 996 $6082$a344.24$9(OLS)http://pul/classification/2249 996 $6245$aDiritto del lavoro dell'Unione Europea$9(OLS)http://pul/title/165056 996 $6260$aPadova :$bCEDAM$9(OLS)http://pul/publisher/48126 996 $6260$aMilanofiori Assago :$bWolters Kluwer$9(OLS)http://pul/publisher/81463